Around the World - Daft Punk - Paroles complètes - Statistiques

Statistiques générales
  • Ce quiz a été pris 25 fois
  • Le résultat moyen est 166 sur 432
Statistiques - réponses
Paroles % Correct
Around
100%
the
100%
world
100%
around
86%
the
77%
world
77%
Around
59%
around
59%
the
59%
the
59%
world
59%
world
59%
Around
55%
around
55%
the
55%
world
55%
Around
50%
the
50%
the
50%
world
50%
world
50%
around
45%
Around
45%
around
45%
Around
45%
the
45%
the
45%
the
45%
the
45%
world
45%
world
45%
world
45%
world
45%
around
41%
Around
41%
around
41%
Around
41%
around
41%
Around
41%
around
41%
Around
41%
around
41%
Around
41%
the
41%
the
41%
the
41%
the
41%
the
41%
the
41%
the
41%
the
41%
the
41%
the
41%
world
41%
world
41%
world
41%
world
41%
world
41%
world
41%
world
41%
world
41%
world
41%
world
41%
around
36%
Around
36%
around
36%
Around
36%
around
36%
Around
36%
around
36%
Around
36%
around
36%
Around
36%
around
36%
Around
36%
around
36%
Around
36%
around
36%
Around
36%
around
36%
Around
36%
around
36%
Around
36%
around
36%
Around
36%
around
36%
Around
36%
around
36%
Around
36%
around
36%
Around
36%
around
36%
Around
36%
around
36%
Around
36%
around
36%
Around
36%
around
36%
Around
36%
around
36%
Around
36%
around
36%
Around
36%
around
36%
Around
36%
around
36%
Around
36%
around
36%
Around
36%
around
36%
Around
36%
around
36%
Around
36%
around
36%
Around
36%
around
36%
Around
36%
around
36%
Around
36%
around
36%
Around
36%
around
36%
Around
36%
around
36%
Around
36%
around
36%
Around
36%
around
36%
Around
36%
around
36%
Around
36%
around
36%
Around
36%
around
36%
Around
36%
around
36%
Around
36%
around
36%
Around
36%
around
36%
Around
36%
around
36%
Around
36%
around
36%
Around
36%
around
36%
Around
36%
around
36%
Around
36%
around
36%
Around
36%
around
36%
Around
36%
around
36%
Around
36%
around
36%
Around
36%
around
36%
Around
36%
around
36%
Around
36%
around
36%
Around
36%
around
36%
Around
36%
around
36%
Around
36%
around
36%
Around
36%
around
36%
Around
36%
around
36%
Around
36%
around
36%
Around
36%
around
36%
Around
36%
around
36%
Around
36%
around
36%
Around
36%
around
36%
Around
36%
around
36%
Around
36%
around
36%
the
36%
the
36%
the
36%
the
36%
the
36%
the
36%
the
36%
the
36%
the
36%
the
36%
the
36%
the
36%
the
36%
the
36%
the
36%
the
36%
the
36%
the
36%
the
36%
the
36%
the
36%
the
36%
the
36%
the
36%
the
36%
the
36%
the
36%
the
36%
the
36%
the
36%
the
36%
the
36%
the
36%
the
36%
the
36%
the
36%
the
36%
the
36%
the
36%
the
36%
the
36%
the
36%
the
36%
the
36%
the
36%
the
36%
the
36%
the
36%
the
36%
the
36%
the
36%
the
36%
the
36%
the
36%
the
36%
the
36%
the
36%
the
36%
the
36%
the
36%
the
36%
the
36%
the
36%
the
36%
the
36%
the
36%
the
36%
the
36%
the
36%
the
36%
the
36%
the
36%
the
36%
the
36%
the
36%
the
36%
the
36%
the
36%
the
36%
the
36%
the
36%
the
36%
the
36%
the
36%
the
36%
the
36%
the
36%
the
36%
the
36%
the
36%
the
36%
the
36%
the
36%
the
36%
the
36%
the
36%
the
36%
the
36%
the
36%
the
36%
the
36%
the
36%
the
36%
the
36%
the
36%
the
36%
the
36%
the
36%
the
36%
the
36%
the
36%
the
36%
the
36%
the
36%
the
36%
the
36%
the
36%
the
36%
the
36%
the
36%
the
36%
the
36%
the
36%
world
36%
world
36%
world
36%
world
36%
world
36%
world
36%
world
36%
world
36%
world
36%
world
36%
world
36%
world
36%
world
36%
world
36%
world
36%
world
36%
world
36%
world
36%
world
36%
world
36%
world
36%
world
36%
world
36%
world
36%
world
36%
world
36%
world
36%
world
36%
world
36%
world
36%
world
36%
world
36%
world
36%
world
36%
world
36%
world
36%
world
36%
world
36%
world
36%
world
36%
world
36%
world
36%
world
36%
world
36%
world
36%
world
36%
world
36%
world
36%
world
36%
world
36%
world
36%
world
36%
world
36%
world
36%
world
36%
world
36%
world
36%
world
36%
world
36%
world
36%
world
36%
world
36%
world
36%
world
36%
world
36%
world
36%
world
36%
world
36%
world
36%
world
36%
world
36%
world
36%
world
36%
world
36%
world
36%
world
36%
world
36%
world
36%
world
36%
world
36%
world
36%
world
36%
world
36%
world
36%
world
36%
world
36%
world
36%
world
36%
world
36%
world
36%
world
36%
world
36%
world
36%
world
36%
world
36%
world
36%
world
36%
world
36%
world
36%
world
36%
world
36%
world
36%
world
36%
world
36%
world
36%
world
36%
world
36%
world
36%
world
36%
world
36%
world
36%
world
36%
world
36%
world
36%
world
36%
world
36%
world
36%
world
36%
world
36%
world
36%
world
36%
world
36%
world
36%
Aucun quiz correspondant
Distribution des résultats
% des personnes avec chaque résultat
Percentile par nombre de réponses
Votre historique - résultats
Vous n’avez pas pris ce quiz